Vývoj nezamestnanosti absolventov vysokých škôl s ekonomickým zameraním na trhu práce

Analýza vývoja počtu študujúcich na vysokých školách a uplatnenie absolventov ekonomických vysokých škôl na trhu práce na základe disponibilných štatistických údajov (zo školskej štatistiky a zo štatistiky o zamestnanosti a nezamestnanosti). Zo štatistických metód bol vo výpočtoch v práci využitý me...

Ausführliche Beschreibung

Gespeichert in:
Bibliographische Detailangaben
1. Verfasser: Stričík, Michal, 1969-
Format: Buchkapitel
Sprache:Slowakisch
Schlagworte:
Tags: Tag hinzufügen
Keine Tags, Fügen Sie das erste Tag hinzu!

MARC

LEADER 00000nla a2200000 4500
001 0225340
005 20240502073708.5
041 0 |a slo 
044 |a SK 
245 1 0 |a Vývoj nezamestnanosti absolventov vysokých škôl s ekonomickým zameraním na trhu práce  |c Michal Stričík 
520 |a Analýza vývoja počtu študujúcich na vysokých školách a uplatnenie absolventov ekonomických vysokých škôl na trhu práce na základe disponibilných štatistických údajov (zo školskej štatistiky a zo štatistiky o zamestnanosti a nezamestnanosti). Zo štatistických metód bol vo výpočtoch v práci využitý medián, aritmetický priemer a smerodajná odchýlka. Výsledky analýzy. 
610 2 0 |a vzdelanie ekonomické 
610 2 0 |a absolventi 
610 2 0 |a školy vysoké 
610 2 0 |a trh práce 
610 2 0 |a zamestnanosť 
610 2 0 |a nezamestnanosť 
610 2 0 |a podpora zamestnanosti 
610 2 0 |a metódy štatistické 
100 1 |a Stričík, Michal, 1969-